ბათუმის შოთა რუსთაველის სახელმწიფო უნივერსიტეტის ბიბლიოთეკა

История культуры Древней Греции и Рима / (ბიბ.ჩანაწერი № 60796)

000 -LEADER
fixed length control field 00847nam a22001817a 4500
005 - DATE AND TIME OF LATEST TRANSACTION
control field 20231023170250.0
008 - FIXED-LENGTH DATA ELEMENTS--GENERAL INFORMATION
fixed length control field 231023s1990 ru ||||| |||| 00| 0 rus d
041 ## - LANGUAGE CODE
Language code of text/sound track or separate title rus
080 ## - UNIVERSAL DECIMAL CLASSIFICATION NUMBER
Universal Decimal Classification number 930.85(37+38) K-90
100 ## - MAIN ENTRY--PERSONAL NAME
Personal name Куманецкий, Казимеж
9 (RLIN) 20190
245 ## - TITLE STATEMENT
Title История культуры Древней Греции и Рима /
Statement of responsibility, etc. Перевод с польского В.К. Ронина ; Редактор Н.Н. Матвеева ; Художник Э.А. Марков.
264 ## - PRODUCTION, PUBLICATION, DISTRIBUTION, MANUFACTURE, AND COPYRIGHT NOTICE
Place of production, publication, distribution, manufacture Москва :
Name of producer, publisher, distributor, manufacturer Высшая школа,
Date of production, publication, distribution, manufacture, or copyright notice 1990.
300 ## - PHYSICAL DESCRIPTION
Extent 350 стр.:
Other physical details ил.;
Dimensions 22 см.
653 ## - INDEX TERM--UNCONTROLLED
keyword ძველბერძნული კულტურა
700 ## - ADDED ENTRY--PERSONAL NAME
Personal name Ронин, В.К.
Relator term მთარგმნელი
9 (RLIN) 20191
700 ## - ADDED ENTRY--PERSONAL NAME
Personal name Матвеева, Н.Н.
Relator term რედაქტორი
9 (RLIN) 20192
942 ## - ADDED ENTRY ELEMENTS (KOHA)
Source of classification or shelving scheme
Koha item type წიგნი
ეგზემპლარები
Withdrawn status Lost status Source of classification or shelving scheme Damaged status Not for loan Permanent Location Current Location Shelving location Date acquired Cost, normal purchase price Full call number Barcode Date last seen Copy number Uniform Resource Identifier Price effective from Koha item type Public note
          ბათუმის შოთა რუსთაველის სახელმწიფო უნივერსიტეტის მთავარი ბიბლიოთეკა ბათუმის შოთა რუსთაველის სახელმწიფო უნივერსიტეტის მთავარი ბიბლიოთეკა წიგნსაცავი 2023-10-23 8.00 930.85(37+38) K-90 65374 2023-10-23 65374 ბსუ-ს საპატიო დოქტორის გურამ ლორთქიფანიძის საჩუქარი 2023-10-23 წიგნი 8 ლ.